000 00422nam a22001217a 4500
999 _c15148
_d15148
008 200305b ||||| |||| 00| 0 eng d
100 _941899
_aLuci-Atienza, Charissa M.
245 _aHouse committee approves bill lowering age of criminal liability to nine/
_cCharissa M. Luci-Atienza.
260 _aPhilippines;
_bManila Bulletin,
_c©2019.
300 _apage 4;
_c29.5cm.
650 _aCriminals.
_941900
942 _2ddc
_cPER